Normal view
MARC view
- Suffian Sahuri
Entry Personal Name
001 - CONTROL NUMBER
- control field: 2988
003 - CONTROL NUMBER IDENTIFIER
- control field: OSt
005 - DATE AND TIME OF LATEST TRANSACTION
- control field: 20170509162549.0
008 - FIXED-LENGTH DATA ELEMENTS
- fixed length control field: 170509|| aca||aabn | a|a d
040 ## - CATALOGING SOURCE
- Original cataloging agency: OSt
- Transcribing agency: OSt
100 ## - HEADING--PERSONAL NAME
- Personal name: Suffian Sahuri
670 ## - SOURCE DATA FOUND
- Source citation: Work cat.: (OSt)0: Fox, Robin, 1934- 2985, Persanakan dan perkahwinan /, 1985

PORTAL AKMAL
E-MEL JKDM
AKMAL2U
G-BAM
u-PUSTAKA